Esplorando il relitto /
Enregistré dans:
| Auteur principal: | |
|---|---|
| Autres auteurs: | |
| Format: | Livre |
| Langue: | italien anglais |
| Publié: |
[Roma] :
Savelli,
1979
|
| Collection: | Il labirinto ;
9 |
| Tags: |
Pas de tags, Soyez le premier à ajouter un tag!
|
MARC
| LEADER | 00000nam a22000007i 4500 | ||
|---|---|---|---|
| 001 | IT\ICCU\NAP\0146003 | ||
| 003 | ItRI | ||
| 005 | 20260115232228.0 | ||
| 008 | 950717s1979 it |||||| ||||| |||||c | ||
| 015 | |2 IT |a 817347 | ||
| 040 | |b ita |c importazione bologna sebina | ||
| 041 | 7 | |a ita |a eng |2 ISO-639-2 | |
| 082 | |a 811.54 |9 Poesia americana. 1945- |2 20 | ||
| 100 | 1 | |a Rich, Adrienne |0 IT\ICCU\CFIV\054658 |4 aut | |
| 240 | 1 | 0 | |a Diving into the wreck . |3 IT\ICCU\SBL\0289105 |9 Rich, Adrienne |
| 245 | 1 | 0 | |a Esplorando il relitto / |c Adrienne Rich ; traduzione di Liana Borghi. |
| 260 | |a [Roma] : |b Savelli, |c 1979 | ||
| 300 | |a 121 p. ; |c 18 cm | ||
| 500 | |a Testo originale a fronte. | ||
| 700 | 1 | |a Borghi, Liana |0 IT\ICCU\CFIV\054659 |4 trl | |
| 790 | 1 | |a Rich, Adrienne Cecile |3 IT\ICCU\NAPV\093977 |z Rich, Adrienne | |
| 790 | 1 | |a Borghi, Liana M. |3 IT\ICCU\MILV\165448 |z Borghi, Liana | |
| 830 | 3 | |a Il labirinto ; |v 9 |0 IT\ICCU\RAV\0050890 | |
| 942 | |2 ddc |c BK |n 0 | ||
| 952 | |0 0 |1 0 |4 0 |6 L_811_000000000000000_RIC |7 0 |9 22440 |a BO |b BO |d 2026-01-15 |i 433 |l 0 |o L 811 RIC |p BO433 |r 2026-01-15 23:22:28 |w 2026-01-15 |x [Sebina 7] [1 v.] |y BK |z 1 v. | ||
| 999 | |c 19162 |d 19162 | ||